Tendence ve vývoji pozice ČR v konvergenčních procesech
Cieľom analýzy je sprehľadniť pokrok v konvergencii reálnej ekonomiky a identifikovať pozíciu ČR vyplývajúcu z medzinárodného porovnania v rokoch 1995-2005. Výkonnosť ekonomiky. Zamestnanosť a nezamestnanosť. Vzdelanostný potenciál. Inovačný potenciál. Životné prostredie.
Gespeichert in:
| 1. Verfasser: | |
|---|---|
| Weitere Verfasser: | |
| Format: | Buchkapitel |
| Sprache: | Tschechisch |
| Schlagworte: | |
| Tags: |
Keine Tags, Fügen Sie das erste Tag hinzu!
|
MARC
| LEADER | 00000naa$a2200000$$$4500 | ||
|---|---|---|---|
| 001 | 0059864 | ||
| 005 | 20231013081559.1 | ||
| 041 | 0 | |a cze | |
| 044 | |a CZ | ||
| 245 | 1 | 0 | |a Tendence ve vývoji pozice ČR v konvergenčních procesech |c Slavoj Czesaný, Lenka Macháčková |
| 520 | |a Cieľom analýzy je sprehľadniť pokrok v konvergencii reálnej ekonomiky a identifikovať pozíciu ČR vyplývajúcu z medzinárodného porovnania v rokoch 1995-2005. Výkonnosť ekonomiky. Zamestnanosť a nezamestnanosť. Vzdelanostný potenciál. Inovačný potenciál. Životné prostredie. | ||
| 610 | 2 | 0 | |a konvergencia |
| 610 | 2 | 0 | |a vývoj hospodársky |
| 610 | 2 | 0 | |a výkonnosť ekonomiky |
| 610 | 2 | 0 | |a zamestnanosť |
| 610 | 2 | 0 | |a nezamestnanosť |
| 610 | 2 | 0 | |a vzdelanosť |
| 610 | 2 | 0 | |a inovácia |
| 610 | 2 | 0 | |a prostredie životné |
| 610 | 2 | 0 | |a porovnanie medzinárodné |
| 610 | 2 | 0 | |a Česko |
| 100 | 1 | |a Czesaný, Slavoj | |
| 700 | 1 | |a Macháčková, Lenka | |